The spectre of Utopia (Record no. 195264)
[ view plain ]
| 000 -LEADER | |
|---|---|
| fixed length control field | 02547nam a2200469 a 4500 |
| 082 04 - DEWEY DECIMAL CLASSIFICATION NUMBER | |
| Classification number | 809/.93372 |
| 100 1# - MAIN ENTRY--AUTHOR NAME | |
| Personal name | Beaumont, Matthew, |
| 245 14 - TITLE STATEMENT | |
| Title | The spectre of Utopia |
| 260 ## - PUBLICATION, DISTRIBUTION, ETC. (IMPRINT) | |
| Place of publication | Bern ; |
| -- | New York : |
| Name of publisher | Peter Lang, |
| Year of publication | c2012. |
| 300 ## - PHYSICAL DESCRIPTION | |
| Number of Pages | xii, 307 p. |
| 505 0# - FORMATTED CONTENTS NOTE | |
| Formatted contents note | Looking back at looking backward : panorama, paranoia -- A little shopping : Looking backward and the dreamscape of consumption -- A mysterious disappearance : Looking backward and the fugue epidemic -- City of the absent : socially empty space from Shelley to Bellamy -- The Bellamy Library : William Reeves and radical publishing -- Influential force : Shafts and feminist utopianism -- Elective affinities : socialism, occultism and utopianism -- What ought to be : Wilde's utopianism in The soul of man under socialism -- Red sphinx : the mechanics of the uncanny in The time machine -- Against the infernal yawn : the anamorphic estrangements of science fiction. |
| 650 #0 - SUBJECT ADDED ENTRY--TOPICAL TERM | |
| Topical Term | Utopias in literature. |
| Topical Term | Social problems in literature. |
| Topical Term | Social movements in literature. |
| Topical Term | Science fiction |
| Topical Term | Utopias |
| Topical Term | Socialism |
| Topical Term | Literature and society |
| 856 40 - ELECTRONIC LOCATION AND ACCESS | |
| Uniform Resource Identifier | http://site.ebrary.com/lib/rucke/Doc?id=10600626 |
No items available.
